[Event "11. Online Aktivschach WM"]
[Site "Schachcomputer.info"]
[Date "2015.04.13"]
[Round "9.9"]
[White "CM 32 MHz Rebell 1.7, Tasc"]
[Black "London 68000, Mephisto"]
[Result "0-1"]
[WhiteElo "2200"]
[BlackElo "2166"]
[PlyCount "92"]

1. e4 d6 2. d4 Nf6 3. Nc3 g6 4. Bc4 Bg7 5. Qe2 Nc6 6. e5 Ng4 7. Bb5 O-O 8. Bxc6
bxc6 9. h3 Nh6 10. Nf3 c5 11. dxc5 Bb7 12. O-O Nf5 13. cxd6 cxd6 14. exd6 Qxd6
15. Rd1 Qc6 16. Nd5 e6 17. Nf4 Ba6 18. Nd3 Rac8 19. c3 Qd6 20. Nfe1 Bc4 21. Bf4
Qb6 22. Qe4 a6 23. Nb4 a5 24. Nbd3 Bd5 25. Qa4 Rfd8 26. Rac1 Bf6 27. Qa3 Qb5
28. g4 Nh4 29. Be5 Bg5 30. f4 Nf3+ 31. Nxf3 Bxf3 32. c4 Rxc4 33. fxg5 Bxd1 34.
Rxd1 Rc2 35. Bd6 Qb6+ 36. Bc5 Rxc5 37. Qxc5 Qxc5+ 38. Nxc5 Rxd1+ 39. Kg2 Rd2+
40. Kf3 Rxb2 41. a4 Rb4 42. Ke3 Rc4 43. Nb7 Rxa4 44. Kf2 Ra2+ 45. Kf3 a4 46.
Nc5 a3 0-1

[Event "11. Online Aktivschach WM"]
[Site "Schachcomputer.info"]
[Date "2015.04.09"]
[Round "9.10"]
[White "Genius 68030, Mephisto"]
[Black "London 68030, Mephisto"]
[Result "1-0"]
[WhiteElo "2340"]
[BlackElo "2343"]
[PlyCount "190"]

1. d4 d5 2. c4 e5 3. dxe5 d4 4. Nf3 Nc6 5. g3 Bg4 6. Bg2 Qd7 7. O-O O-O-O 8.
Qd3 Nge7 9. Rd1 Bxf3 10. Qxf3 Ng6 11. Qh5 Kb8 12. Bg5 Re8 13. Bh3 f5 14. exf6
Qf7 15. Qf3 Nge5 16. Qf4 h6 17. fxg7 Bxg7 18. Qxf7 Nxf7 19. Bc1 Rxe2 20. Bf1
Re6 21. Bg2 Rhe8 22. Bd2 a6 23. a4 Ng5 24. Ra3 Re2 25. Kf1 R2e6 26. Bf4 Ne4 27.
Nd2 Nc5 28. Bd5 R6e7 29. Bxc6 bxc6 30. Nf3 Ne6 31. Ne5 Bxe5 32. Bxe5 c5 33.
Rad3 Rf7 34. f4 Kb7 35. Re1 Nf8 36. Rb3+ Kc8 37. Rf3 Nd7 38. Rf2 a5 39. h3 Rg8
40. g4 Re8 41. Ree2 Kb7 42. b3 Kc6 43. h4 Ref8 44. Ke1 Re7 45. g5 hxg5 46. hxg5
Rfe8 47. g6 Nxe5 48. fxe5 Rxe5 49. g7 Rxe2+ 50. Rxe2 Rg8 51. Re7 Kd6 52. Rf7
Kc6 53. Ke2 Kd6 54. Kd2 Kc6 55. Kc2 Kd6 56. Kd3 c6 57. Rf6+ Kc7 58. Rg6 Kd7 59.
Ke4 Ke7 60. Rxc6 Rxg7 61. Rxc5 Rg3 62. Rxa5 Rxb3 63. Kxd4 Kd6 64. Ra6+ Kc7 65.
Kc5 Kb7 66. Rf6 Ra3 67. Kb4 Ra1 68. a5 Rb1+ 69. Kc5 Ka7 70. Re6 Ra1 71. a6 Rf1
72. Rg6 Ra1 73. Rd6 Rg1 74. Rc6 Rb1 75. Kd4 Rb3 76. Re6 Rb1 77. Kc3 Rc1+ 78.
Kd3 Rd1+ 79. Ke4 Re1+ 80. Kd5 Rd1+ 81. Kc6 Kxa6 82. Kc7+ Ka5 83. c5 Kb5 84. c6
Ka6 85. Re2 Rb1 86. Kc8 Rc1 87. c7 Ka7 88. Rb2 Ra1 89. Rd2 Rf1 90. Kd7 Rf7+ 91.
Kc6 Rf6+ 92. Rd6 Rf8 93. Rd8 Rf6+ 94. Kd5 Rf5+ 95. Ke6 Rc5 1-0

[Event "11. Online Aktivschach WM"]
[Site "Schachcomputer.info"]
[Date "2015.04.08"]
[Round "9.11"]
[White "Milano Pro, Mephisto"]
[Black "Citrine 30 MHz, Novag"]
[Result "1-0"]
[WhiteElo "2160"]
[BlackElo "2100"]
[PlyCount "73"]

1. d4 d5 2. c4 dxc4 3. Nf3 Nf6 4. e3 Bg4 5. Bxc4 e6 6. Nbd2 Bd6 7. Qb3 Qc8 8.
e4 Nc6 9. Bb5 O-O 10. Bxc6 bxc6 11. e5 Nd7 12. exd6 cxd6 13. h3 Bh5 14. g4 Bg6
15. Nh4 c5 16. Nxg6 hxg6 17. Qd3 cxd4 18. Qxd4 Qa6 19. h4 Rfc8 20. Rh3 Qc6 21.
h5 gxh5 22. gxh5 Nf6 23. h6 Qc5 24. Qf4 Nd5 25. Qg4 g6 26. h7+ Kg7 27. b3 Qb4
28. Qxb4 Nxb4 29. Ne4 Nc2+ 30. Kd1 Nxa1 31. Bh6+ Kh8 32. Bg5 Rc1+ 33. Kxc1 Rc8+
34. Kd1 Rc1+ 35. Kxc1 Nxb3+ 36. axb3 d5 37. Bf6# 1-0

[Event "11. Online Aktivschach WM"]
[Site "Schachcomputer.info"]
[Date "2015.03.27"]
[Round "9.12"]
[White "Atlanta, Mephisto"]
[Black "Revelation Diablo"]
[Result "1/2-1/2"]
[WhiteElo "2266"]
[BlackElo "2059"]
[PlyCount "96"]

1. e4 d5 2. exd5 Nf6 3. d4 Nxd5 4. c4 Nb6 5. Nf3 Bg4 6. c5 {Buchende REV DIABLO
} Nd5 7. Qb3 Bxf3 {Buchende Atlanta} 8. Nd2 b6 9. Nxf3 e6 10. Bg5 f6 11. Be3 c6
12. Bc4 bxc5 13. Qb7 cxd4 14. Bxd4 Nd7 15. Qxc6 Kf7 16. O-O Nc5 17. Bxd5 Qxd5
18. Qxd5 exd5 19. Rfd1 Ne6 20. Be3 Nc7 21. Nd4 Bd6 22. Nf5 Be5 23. Rac1 Rhc8
24. Rc6 Ne8 25. Rc5 Rxc5 26. Bxc5 Nc7 27. b4 a5 28. a3 Na6 29. Ne3 axb4 30.
axb4 Nxc5 31. bxc5 Ke6 32. Nxd5 Ra5 33. f4 Rxc5 34. fxe5 Rxd5 35. Rxd5 Kxd5 36.
exf6 gxf6 37. Kf1 f5 38. Kf2 Ke4 39. Ke2 h6 40. Kf2 Kf4 41. Ke2 Ke4 42. h3 f4
43. Kf2 h5 44. h4 Ke5 45. Ke2 Ke4 46. Kf2 Ke5 47. Ke2 Ke6 48. Kf2 Ke5 1/2-1/2